[Event "Jakarta Indonesia op 2nd"]
[Site "Jakarta"]
[Date "2012.10.15"]
[Round "7"]
[White "Cao, Sophie"]
[Black "Novita, Anjas"]
[Result "1/2-1/2"]
[WhiteElo "2514"]
[BlackElo "2339"]
[PlyCount "64"]
[EventDate "2012.10.11"]
[EventType "swiss"]
[EventRounds "9"]
[EventCountry "INA"]
[SourceTitle "EXT 2013"]
[Source "ChessBase"]
[SourceDate "2012.11.22"]
[SourceVersion "1"]
[SourceVersionDate "2012.11.22"]
[SourceQuality "1"]

1. e4 c5 2. Nf3 d6 3. Bb5+ Nd7 4. d4 a6 5. Bxd7+ Bxd7 6. Nc3 cxd4 7. Qxd4 Nf6 8. Bg5 e6 9. 0-0-0 Bc6 10. Rhe1 Be7 11. Bxf6 Bxf6 12. Qxd6 Qa5 13. Nd5 Bxd5 14. exd5 Rd8 15. Qa3 Rxd5 16. Rxd5 Qxd5 17. Rd1 Qc6 18. h4 Be7 19. Qd3 Qc7 20. g3 h6 21. Qe4 0-0 22. Ne5 Bd6 23. f4 Bxe5 24. Qxe5 Qxe5 25. fxe5 f5 26. Rd4 Rf7 27. Kd2 Rc7 28. b4 g5 29. h5 Kf7 30. c4 Ke7 31. c5 Rd7 32. Rd6 Rxd6+ 1/2-1/2

[Event "Jakarta Indonesia op 2nd"]
[Site "Jakarta"]
[Date "2012.10.13"]
[Round "4"]
[White "Pham, Le Thao Nguyen"]
[Black "Cao, Sophie"]
[Result "1/2-1/2"]
[WhiteElo "2387"]
[BlackElo "2514"]
[PlyCount "90"]
[EventDate "2012.10.11"]
[EventType "swiss"]
[EventRounds "9"]
[EventCountry "INA"]
[SourceTitle "EXT 2013"]
[Source "ChessBase"]
[SourceDate "2012.11.22"]
[SourceVersion "1"]
[SourceVersionDate "2012.11.22"]
[SourceQuality "1"]

1. d4 Nf6 2. Bf4 g6 3. e3 Bg7 4. Nf3 d6 5. h3 0-0 6. Be2 c5 7. 0-0 b6 8. a4 Nc6 9. c3 Bb7 10. Bh2 Rc8 11. Nbd2 Na5 12. Nb3 Nxb3 13. Qxb3 Qc7 14. Rfd1 c4 15. Qa2 Ne4 16. Nd2 Nxd2 17. Rxd2 Bd5 18. Bg3 Bh6 19. Bf1 f5 20. Re1 f4 21. exf4 Bxf4 22. Bxf4 Rxf4 23. Re3 Rcf8 24. Qb1 e6 25. Qe1 R4f6 26. f3 Qc6 27. Qd1 Rc8 28. Qc2 a6 29. Rf2 Rcf8 30. Be2 Qd7 31. Bd1 b5 32. axb5 Qxb5 33. Qc1 Rb8 34. Re1 Kg7 35. Qe3 Qd7 36. Qc1 Qc6 37. Bc2 Rbf8 38. Re3 Rf4 39. Qe1 Qb7 40. Bb1 R8f7 41. Rfe2 R7f6 42. Qd2 Qb5 43. Be4 Bxe4 44. Rxe4 Rxe4 45. Rxe4 Qd5 1/2-1/2

[Event "Jakarta Indonesia op 2nd"]
[Site "Jakarta"]
[Date "2012.10.11"]
[Round "1"]
[White "Cao, Sophie"]
[Black "Aris, TLS"]
[Result "1-0"]
[WhiteElo "2514"]
[BlackElo "2238"]
[PlyCount "63"]
[EventDate "2012.10.11"]
[EventType "swiss"]
[EventRounds "9"]
[EventCountry "INA"]
[SourceTitle "EXT 2013"]
[Source "ChessBase"]
[SourceDate "2012.11.22"]
[SourceVersion "1"]
[SourceVersionDate "2012.11.22"]
[SourceQuality "1"]

1. e4 e6 2. d4 d5 3. Nc3 Nf6 4. Bg5 Be7 5. e5 Nfd7 6. h4 Bxg5 7. hxg5 Qxg5 8. Nh3 Qe7 9. Nf4 Nb6 10. Bd3 Nc6 11. Nh5 Bd7 12. Nxg7+ Kd8 13. Qg4 f5 14. exf6 Qxf6 15. 0-0-0 h6 16. Bb5 e5 17. dxe5 Nxe5 18. Qg3 c6 19. f4 Ng4 20. Nh5 Qf8 21. Bd3 Qc5 22. Rd2 Nc4 23. Bxc4 Qxc4 24. f5 Bxf5 25. Ng7 Bd7 26. Qd6 Kc8 27. Re1 Rd8 28. Re7 Qf1+ 29. Nd1 Qg1 30. Ne6 Qb6 31. Nxd8 Qxd8 32. Rde2 1-0

[Event "Kuala Lumpur DYTM op"]
[Site "Kuala Lumpur"]
[Date "2012.09.22"]
[Round "7"]
[White "Paragua, Mark"]
[Black "Cao, Sophie"]
[Result "1/2-1/2"]
[WhiteElo "2508"]
[BlackElo "2502"]
[PlyCount "187"]
[EventDate "2012.09.18"]
[EventType "swiss"]
[EventRounds "9"]
[EventCountry "MAS"]
[SourceTitle "CBM 150 Extra"]
[Source "ChessBase"]
[SourceDate "2012.10.19"]
[SourceVersion "1"]
[SourceVersionDate "2012.10.19"]
[SourceQuality "1"]

1. d4 e6 2. c4 Nf6 3. Nc3 Bb4 4. Qc2 0-0 5. e4 d6 6. e5 dxe5 7. dxe5 Nfd7 8. Nf3 Nc6 9. Bf4 f5 10. 0-0-0 Bxc3 11. Qxc3 Qe7 12. Bg5 Qc5 13. Be3 Qe7 14. g3 Nc5 15. Qa3 b6 16. Bg2 Bb7 17. Nd4 Nb4 18. Bxb7 Nxb7 19. Nxe6 Nxa2+ 20. Qxa2 Qxe6 21. f4 Rfd8 22. b3 Na5 23. Qc2 g6 24. Rxd8+ Rxd8 25. Rd1 Rxd1+ 26. Qxd1 Nc6 27. Kb2 Kf7 28. Kc3 a5 29. Qd5 Ne7 30. Qd8 Qc6 31. Qh8 h5 32. Bd4 Ke6 33. Qf6+ Kd7 34. Kb2 Qe4 35. Bc3 Qe3 36. Qf7 Qf2+ 37. Ka3 Qc5+ 38. Ka2 Qc6 39. Bb2 Qe6 40. Qf6 Nc6 41. Bc3 Nb4+ 42. Ka3 Nd3 43. Ka4 Qc6+ 44. Qxc6+ Kxc6 45. Bd4 h4 46. gxh4 Nxf4 47. b4 Ne2 48. Bf2 Nc3+ 49. Kb3 Ne4 50. Be3 Kd7 51. c5 axb4 52. cxb6 cxb6 53. Kxb4 Ke6 54. Bxb6 Kxe5 55. Kc4 Kf4 56. Kd5 Kg4 57. Bd8 Nd2 58. Ke5 Nf3+ 59. Kf6 Nxh4 60. Bc7 Kh5 61. Ke5 Nf3+ 62. Kf6 Ng5 63. Ke5 Nh3 64. Kd4 Kg4 65. Ke3 Ng5 66. Kf2 Kh3 67. Be5 Ne6 68. Bd6 g5 69. Be5 Nc5 70. Kf3 Ne6 71. Kf2 f4 72. Kg1 Nc5 73. Bc7 Ne4 74. Bd8 Kg4 75. Kg2 Nd2 76. h3+ Kf5 77. Kf2 Nc4 78. Be7 Ne5 79. Ke2 Nc6 80. Bc5 Ke4 81. Bb6 Nd4+ 82. Kf2 Ne6 83. Ba5 Nc5 84. Bd8 Nd3+ 85. Kg2 f3+ 86. Kf1 Kf5 87. Bb6 Nf4 88. Kf2 Ke4 89. Kg3 Nd5 90. Bg1 Ne3 91. Bf2 Ng2 92. Bb6 Ne3 93. Bd8 Nf5+ 94. Kf2 1/2-1/2

[Event "Kuala Lumpur DYTM op"]
[Site "Kuala Lumpur"]
[Date "2012.09.20"]
[Round "5"]
[White "Tiviakov, Sergei"]
[Black "Cao, Sophie"]
[Result "1-0"]
[WhiteElo "2674"]
[BlackElo "2502"]
[PlyCount "93"]
[EventDate "2012.09.18"]
[EventType "swiss"]
[EventRounds "9"]
[EventCountry "MAS"]
[SourceTitle "CBM 150 Extra"]
[Source "ChessBase"]
[SourceDate "2012.10.19"]
[SourceVersion "1"]
[SourceVersionDate "2012.10.19"]
[SourceQuality "1"]

1. e4 e6 2. d4 d5 3. Nd2 dxe4 4. Nxe4 Nd7 5. Nf3 Ngf6 6. Nxf6+ Nxf6 7. c3 Be7 8. Bd3 0-0 9. 0-0 b6 10. Qe2 Bb7 11. Bf4 Qc8 12. Ne5 c5 13. dxc5 Qxc5 14. Rad1 Rad8 15. Rfe1 Bd6 16. Bg3 Bb8 17. a3 Rd5 18. c4 Rdd8 19. b4 Qe7 20. Bh4 Kh8 21. Bb1 Rxd1 22. Rxd1 Bxe5 23. Qxe5 Rd8 24. Re1 h6 25. f3 Kg8 26. Rc1 Bc6 27. Bc2 Rd2 28. Be1 Rd8 29. b5 Be8 30. Bb4 Qb7 31. Rd1 Rc8 32. Qd6 Bd7 33. a4 e5 34. c5 bxc5 35. Bc3 Be6 36. Qxe5 c4 37. a5 Re8 38. Be4 Qe7 39. Bc6 Rc8 40. Qd6 Qxd6 41. Rxd6 Ne8 42. Rd2 Nc7 43. b6 axb6 44. axb6 Na6 45. Bb7 Rb8 46. Bxa6 Rxb6 47. Bc8 1-0

[Event "Kuala Lumpur DYTM op"]
[Site "Kuala Lumpur"]
[Date "2012.09.19"]
[Round "4"]
[White "Cao, Sophie"]
[Black "Barbosa, Oliver"]
[Result "1-0"]
[WhiteElo "2502"]
[BlackElo "2554"]
[PlyCount "53"]
[EventDate "2012.09.18"]
[EventType "swiss"]
[EventRounds "9"]
[EventCountry "MAS"]
[SourceTitle "CBM 150 Extra"]
[Source "ChessBase"]
[SourceDate "2012.10.19"]
[SourceVersion "1"]
[SourceVersionDate "2012.10.19"]
[SourceQuality "1"]

1. e4 c6 2. d4 d5 3. e5 Bf5 4. Nf3 e6 5. Be2 Ne7 6. Nbd2 Nd7 7. Nb3 a6 8. 0-0 Bg6 9. a4 Nf5 10. a5 c5 11. c4 dxc4 12. Bxc4 cxd4 13. Nbxd4 Nxd4 14. Qxd4 Bc5 15. Qf4 0-0 16. Be3 Rc8 17. b3 Qe7 18. Rfd1 Rfd8 19. h3 h6 20. Kh2 Bb4 21. Bd2 Ba3 22. Be3 Bb4 23. Bd2 Bc2 24. Bxb4 Qxb4 25. Rd4 Nf8 26. Bxe6 Rxd4 27. Qxf7+ 1-0

[Event "Kuala Lumpur DYTM op"]
[Site "Kuala Lumpur"]
[Date "2012.09.19"]
[Round "3"]
[White "Diano, Eden"]
[Black "Cao, Sophie"]
[Result "0-1"]
[WhiteElo "2416"]
[BlackElo "2502"]
[PlyCount "46"]
[EventDate "2012.09.18"]
[EventType "swiss"]
[EventRounds "9"]
[EventCountry "MAS"]
[SourceTitle "CBM 150 Extra"]
[Source "ChessBase"]
[SourceDate "2012.10.19"]
[SourceVersion "1"]
[SourceVersionDate "2012.10.19"]
[SourceQuality "1"]

1. d4 Nf6 2. c4 e6 3. a3 c5 4. d5 exd5 5. cxd5 d6 6. Nc3 g6 7. Bf4 Nh5 8. Bd2 Bg7 9. Qa4+ Nd7 10. g4 Nhf6 11. g5 Nh5 12. e4 0-0 13. Nge2 Ne5 14. Bg2 f5 15. Ng3 Nd3+ 16. Ke2 Nhf4+ 17. Kf1 Nxg2 18. Kxg2 f4 19. Qb5 c4 20. Qxc4 Ne5 21. Qb4 Bg4 22. Rhf1 Qxg5 23. Nb5 Bf3+ 0-1

[Event "North American-ch U10 Girls"]
[Site "Montreal"]
[Date "2010.08.17"]
[Round "4"]
[White "Yu, Xin Yi"]
[Black "Cao, Sophie"]
[Result "1-0"]
[WhiteElo "966"]
[BlackElo "319"]
[PlyCount "29"]
[EventDate "2010.08.16"]
[EventType "swiss"]
[EventRounds "7"]
[EventCountry "CAN"]
[SourceTitle "EXT 2013"]
[Source "ChessBase"]
[SourceDate "2012.11.22"]
[SourceVersion "1"]
[SourceVersionDate "2012.11.22"]
[SourceQuality "1"]

1. e4 b5 2. d4 d6 3. Nf3 Nf6 4. Nc3 a6 5. Bf4 Nc6 6. d5 Nb8 7. Bd3 e5 8. dxe6 fxe6 9. 0-0 Be7 10. e5 dxe5 11. Nxe5 0-0 12. Qf3 Ra7 13. Qg3 c6 14. Bh6 Nd5 15. Qxg7# 1-0